00963nam a2200241Ia 4500001000600000003000900006008004100015040001300056040001300069041001300082100001900095100002900114245002300143245012300166250001100289260001900300260001500319260004900334300005900383500023300442650001500675650003100690A8290IT-RoPAU130308s9999 xx 000 0 und d aIT-RoPAU cIT-RoPAU aITALIANO aDonghi Antonio gCodice Aut. SPICS: 33974 aMesse di devozione bMessale romano del Vaticano Ii (Il)-2-Il mistero di Cristo nella Vita della Chiesa e delle Singole Comunita' Cristiane a1a ed. aTORINO/LEUMANN bElle Di Ci c1981 [1° Ed.:1981 - Ed.Ling.Originale:1981] a"35 p. (prefazione: no ; testo: 35 [pagine: 429-463])" aAlla Santa croce . Alla Santissima Eucaristia. al Santissimo Nome di Gesu'.Al Preziosissimo Sangue di Gesu'. al Sacratissimo Cuore di Gesu'. Allo Spirito Santo. Ai Santi Angeli. a San Giuseppe. Ai Snti Apostoli. a tutti I Santi. aEUCARISTIA eCodice materia Spics: 9153